000 01720cam a2200241 i 4500
005 20260423172122.0
008 150828s2016 enk 001 0 eng d
020 _a9780198767961 (hbk)
082 _a330.15 QUI
245 0 0 _aWritings on political economy.
_nvolume 1,
_pincluding Defence of usury; Manual of political economy and a protest against law taxes /
_cedited by Michael Quinn
250 _a1st ed.
264 1 _aNew York :
_bOxford University Press,
_c2016.
300 _aciv, 370 p. ;
_c24 cm.
365 _bRs. 7386.00
440 _aThe collected works of Jeremy Bentham : Economics and society
490 1 _aThe collected works of Jeremy Bentham : Economics and society
505 0 _aEditorial Introduction -- Projet Matière, Table des Matières, VII. Finance, VIII. Economie -- Appendices to Projet Matière, Table des Matières, VII. Finance, VIII. Economie -- Defence of Usury (shewing the impolicy of the present legal restraints on the terms of pecuniary bargains. In a series of letters to a friend, to which is added, a letter to Adam Smith, Esq. LL.D on the discouragements opposed by the above restraints to the progress of inventive industry) -- Appendices to Defence of Usury -- Manual of Political Economy -- Appendices to Manual of Political Economy -- A Protest Against Law Taxes (shewing the peculiar mischievousness of all such impositions as add to the expense of appeal to justice) -- Collations (for Defence of Usury and Protest Against the Law Taxes).
650 0 _aEconomics
_vEarly works to 1800.
650 7 _aEconomics.
_2fast
_0(OCoLC)fst00902116
700 1 _aQuinn, Michael,
760 _bThe collected works of Jeremy Bentham : Economics and society
942 _2ddc
_cBK
999 _c41049
_d41049